Carlos V (Record no. 18153)

MARC details
000 -LEADER
campo de control de longitud fija 00896nam a2200265 i 4500
001 - NÚMERO DE CONTROL
campo de control 18153
003 - IDENTIFICADOR DE NÚMERO DE CONTROL
campo de control ES-MaACL
005 - FECHA Y HORA DE LA ÚLTIMA TRANSACCIÓN
campo de control 20251015063041.0
007 - CAMPO FIJO DE DESCRIPCIÓN FÍSICA--INFORMACIÓN GENERAL
campo de control de longitud fija t|
008 - DATOS DE LONGITUD FIJA--INFORMACIÓN GENERAL
campo de control de longitud fija 010928s1952 ag ||||1| spa d
080 ## - NÚMERO DE LA CLASIFICACIÓN DECIMAL UNIVERSAL
Número de la Clasificación Decimal Universal 929 Carlos (460) I
080 ## - NÚMERO DE LA CLASIFICACIÓN DECIMAL UNIVERSAL
Número de la Clasificación Decimal Universal 946.0"1516/56"
100 1# - ENTRADA PRINCIPAL--NOMBRE DE PERSONA
Nombre de persona Babelon, Jean,
Fechas asociadas al nombre 1889-1978
9 (RLIN) 24413
245 10 - MENCIÓN DEL TÍTULO
Título Carlos V
Resto del título : (1500-1558) /
Mención de responsabilidad, etc. Jean Babelon ; traducción de Miguel de Hernani.
260 ## - PUBLICACIÓN, DISTRIBUCIÓN, ETC.
Lugar de publicación, distribución, etc. Buenos Aires :
Nombre del editor, distribuidor, etc. Losada,
Fecha de publicación, distribución, etc. [1952]
300 ## - DESCRIPCIÓN FÍSICA
Extensión 291 p. ;
Dimensiones 23 cm.
490 1# - MENCIÓN DE SERIE
Mención de serie Biografías históricas y novelescas
500 ## - NOTA GENERAL
Nota general Biblioteca Juan Andrade.
600 04 - PUNTO DE ACCESO ADICIONAL DE MATERIA--NOMBRE DE PERSONA
Nombre de persona Carlos
Numeración I,
Títulos y otros términos asociados al nombre Rey de España-
Subdivisión general Biografías
9 (RLIN) 35297
651 #4 - PUNTO DE ACCESO ADICIONAL DE MATERIA--NOMBRE GEOGRÁFICO
Nombre geográfico España-
Subdivisión general Historia-
Subdivisión cronológica 1516-1556, Carlos I.
9 (RLIN) 8224
700 1# - ENTRADA AGREGADA--NOMBRE PERSONAL
Nombre de persona Hernani, Miguel de.
9 (RLIN) 63115
830 0# - PUNTO DE ACCESO ADICIONAL DE SERIE-TÍTULO UNIFORME
Título uniforme Biografías históricas y novelescas
9 (RLIN) 180395
852 ## - LOCALIZACIÓN
Ubicación ES-MaACL
Número de control de estantería AND-91
Sublocalización o colección R.109416
Holdings
Estatus retirado Estado de pérdida Estado de daño No para préstamo Biblioteca de origen Biblioteca actual Ubicación en estantería Fecha de adquisición Fuente de adquisición Total de préstamos Signatura topográfica completa Código de barras Visto por última vez Precio de reemplazo Tipo de ítem Koha
        Biblioteca del Ateneo de Madrid Biblioteca del Ateneo de Madrid Depósito 2 17/01/2008     AND-91 1018556 23/02/2023 23/02/2023 Libro impreso